Personnages Clan Hyuga ( Naruto / Boruto ) - Statistiques

Statistiques générales
  • Ce quiz a été pris 149 fois
  • Le résultat moyen est 4 sur 10
Statistiques - réponses
Par images Réponse % Correct
Hinata
100%
Neji
99%
Hanabi
83%
Hiashi
66%
Hizashi
61%
Ko
10%
Natsu
8%
Iroha
5%
Tokuma
5%
Hoheto
4%
Aucun quiz correspondant
Distribution des résultats
% des personnes avec chaque résultat
Percentile par nombre de réponses
Votre historique - résultats
Vous n’avez pas pris ce quiz